书目信息 |
| 题名: |
人类简史
|
|
| 作者: | 尤瓦尔。赫拉利 著 | |
| 分册: | ||
| 出版信息: | 北京 中心出版社 2017.02 |
|
| 页数: | 417页 | |
| 开本: | 24cm | |
| 丛书名: | ||
| 单 册: | ||
| 中图分类: | K024.9 | |
| 科图分类: | ||
| 主题词: | 社会发展--理论 | |
| 电子资源: | ||
| ISBN: | 7-5086-6075-7 | |
| 000 | 00659nam0 2200217 450 | |
| 001 | 1759398867 | |
| 005 | 20210329162243.02 | |
| 010 | @a7-5086-6075-7@dRMB 68.00 | |
| 100 | @a20170608d2017 km y0chiy0120 ea | |
| 101 | 0 | @achi |
| 102 | @aCN@b110000 | |
| 200 | 1 | @a人类简史@Aren lei jian shi@e从动物到上帝@f(以)尤瓦尔。赫拉利著@F(yi)you wa er。he la li zhu |
| 205 | @a2版 | |
| 210 | @a北京@c中心出版社@d2017.02 | |
| 215 | @a417页@d24cm | |
| 517 | 1 | @a从动物到上帝@Acong dong wu dao shang di |
| 606 | 0 | @a社会发展@x理论 |
| 690 | @aK024.9@v4 | |
| 701 | 0 | @a尤瓦尔。赫拉利@Ayou wa er。he la li@4著 |
| 801 | 0 | @aCN@bMUSE@c20171108 |
| 905 | @aMUSE@dK024.9@eY669=2 | |
| 人类简史:从动物到上帝/(以)尤瓦尔。赫拉利著.-2版.-北京:中心出版社,2017.02 |
| 417页;24cm |
| ISBN 7-5086-6075-7:RMB 68.00 |
| ● |
| 相关链接 |
|
|
|
正题名:人类简史
索取号:K024.9/Y669=2
 
预约/预借
| 序号 | 登录号 | 条形码 | 馆藏地/架位号 | 状态 | 备注 |
| 1 | 1236284 | 212362842 | 建筑与城市规划学院资料室/ [索取号:K024.9/Y669=2] | 在馆 | |
| 2 | 1236701 | 212367017 | 社科库309/309社科库 32排2列5层/ [索取号:K024.9/Y669=2] |
已借出,限还日期为2027.03.16 借出人:刘跃新 |
|
| 3 | 1308459 | 213084598 | 市政与环境工程学院资料室/ [索取号:K024.9/Y669=2] | 在馆 | |
| 4 | 1498580 | 214985809 | 生命科学与工程学院资料室/ [索取号:K024.9/Y669=2] | 在馆 |